| 000 | 01486cam a2200433 a 4500 | ||
|---|---|---|---|
| 999 |
_c240 _d240 |
||
| 001 | 13330507 | ||
| 003 | GZU | ||
| 005 | 20200715152333.0 | ||
| 008 | 030902s2004 enk b 001 0 eng d | ||
| 010 | _a 2003112202 | ||
| 015 | _aGBA3-V2412 | ||
| 016 | 7 |
_a101211794 _2DNLM |
|
| 020 | _a0761962395 | ||
| 020 | _a0761962409 (pbk.) | ||
| 035 | _a(OCoLC)ocm55852019 | ||
| 040 |
_aUPM _cUPM _dORE _dDLC |
||
| 042 | _alccopycat | ||
| 050 | 0 | 0 |
_aBF637.C6 _bS86 2004 |
| 060 | 0 | 0 | _a2004 D-703 |
| 082 | 0 | 4 |
_a361.06 _221 |
| 100 | 1 |
_aSugarman, Léonie, _d1950- |
|
| 245 | 1 | 0 |
_aCounselling and the life course / _cLéonie Sugarman. |
| 260 |
_aLondon ; _aThousand Oaks, Calif. : _bSAGE Publications, _c2004. |
||
| 300 |
_a130 p. ; _c21 cm. |
||
| 440 | 0 | _aProfessional skills for counsellors | |
| 504 | _aIncludes bibliographical references (p. [114]-122) and index. | ||
| 650 | 0 | _aCounseling. | |
| 650 | 0 | _aDevelopmental psychology. | |
| 650 | 1 | 2 |
_aCounseling _xmethods. |
| 650 | 2 | 2 |
_aAging _xpsychology. |
| 650 | 2 | 2 | _aHuman Development. |
| 650 | 2 | 2 | _aLife Change Events. |
| 650 | 2 | 2 | _aPersonality Development. |
| 856 | 4 | 2 |
_3Publisher description _uhttp://www.loc.gov/catdir/enhancements/fy0657/2003112202-d.html |
| 856 | 4 | 1 |
_3Table of contents only _uhttp://www.loc.gov/catdir/enhancements/fy0657/2003112202-t.html |
| 906 |
_a7 _bcbc _ccopycat _d2 _eepcn _f20 _gy-gencatlg |
||
| 942 |
_2lcc _cBK _h637 _iSUG _kBF _m2004 |
||